Niebla en la época de Alfonso X / (Record no. 24385)

MARC details
000 -LEADER
campo de control de longitud fija 00535nam a2200157 i 4500
001 - NÚMERO DE CONTROL
campo de control 24385
003 - IDENTIFICADOR DE NÚMERO DE CONTROL
campo de control ES-MaACL
007 - CAMPO FIJO DE DESCRIPCIÓN FÍSICA--INFORMACIÓN GENERAL
campo de control de longitud fija t|
008 - DATOS DE LONGITUD FIJA--INFORMACIÓN GENERAL
campo de control de longitud fija 021217s1984 sp ||||1| spa d
100 1# - ENTRADA PRINCIPAL--NOMBRE DE PERSONA
Nombre de persona Anasagasti Valderrama, Ana María.
9 (RLIN) 21377
245 10 - MENCIÓN DEL TÍTULO
Título Niebla en la época de Alfonso X /
Mención de responsabilidad, etc. Ana María Anasagasti Valderrama y Laureano Rodríguez Liañez.
260 ## - PUBLICACIÓN, DISTRIBUCIÓN, ETC.
Lugar de publicación, distribución, etc. Huelva :
Nombre del editor, distribuidor, etc. [Caja Rural Provincial],
Fecha de publicación, distribución, etc. 1984.
300 ## - DESCRIPCIÓN FÍSICA
Extensión 59 p. :
Otras características físicas il. ;
Dimensiones 23 cm.
700 1# - ENTRADA AGREGADA--NOMBRE PERSONAL
Nombre de persona Rodríguez Liañez, Laureano.
9 (RLIN) 98603
852 ## - LOCALIZACIÓN
Ubicación ES-MaACL
Número de control de estantería L-7744
Sublocalización o colección R.108281
Holdings
Estatus retirado Estado de pérdida Estado de daño No para préstamo Biblioteca de origen Biblioteca actual Ubicación en estantería Fecha de adquisición Fuente de adquisición Total de préstamos Signatura topográfica completa Código de barras Visto por última vez Precio de reemplazo Tipo de ítem Koha
        Biblioteca del Ateneo de Madrid Biblioteca del Ateneo de Madrid Depósito 2 17/01/2008     L-7744 1025143 23/02/2023 23/02/2023 Libro impreso